000 01062nam a22002777a 4500
003 dpl
005 20180710124018.0
008 180710b xxu||||| |||| 00| 0 eng d
010 _aB-068739
020 _c125.00
_a8187774126
035 _aB-068739, B-068743
037 _bCen Lib/Ret
040 _aDPL
_bHN
_c0
082 _a
_bस्वराज्य
100 _aस्वराज्य शुची
_971317
245 _aअहसास /
_cस्वराज्य शुची
246 _aAhsas /
_bby Swarajya Shuchi
260 _aनई दिल्ली
_bनीलकंठ प्रकाशन
_c2001
270 _a1/1079 ई, महरौली
_bनई दिल्ली
_e110030
300 _a119पृ.
_c21सेमी(सजिल्द)
650 _aहिंदी साहित्य
_971318
650 _aहिंदी साहित्य--उपन्यास
_91009
650 _aHindi literature
_971319
650 _aHindi literature--Novel
_971320
942 _2ddc
_cHN
_h
_mस्वराज्य
999 _c117315
_d117315